000 00870cam a2200265 a 4500
001 000014013
005 20200929163434.0
008 721207s1972 ag b 000 0 spa
035 _a(OCoLC)510095
040 _aDO-SdBNP
_bspa
_cOCU
_dOCoLC
_dDLC
_dBNPHU
082 _a324.20982
_bP979p, 1972
100 1 _aPuiggrós, Rodolfo,
_d1906-1980.
_931702
245 1 3 _aEl peronismo :
_bsus causas /
_cRodolfo Puiggrós ; prólogo, Juan Perón.
250 _a3a ed.
260 _aBuenos Aires :
_bCepe,
_c1972.
300 _a172 p. ;
_c20 cm.
490 1 _aLos Porques
504 _aIncluye referencias bibliográficas.
650 4 _aPartídos políticos
_zArgentina
_931703
651 4 _aArgentina
_xPolítica Y Gobierno
_y1910-1943.
_931704
700 1 _aPerón, Juan,
_epról.
_931705
830 0 _aLos Porques
_931706
910 _aCatalogación derivada
049 _aBNGR
999 _c13617
_d13617